|
|
|
|
| LEADER |
00704cam a2200217 7i4500 |
| 001 |
0000062710 |
| 005 |
20081013090000.0 |
| 008 |
081013s2007 eng |
| 020 |
# |
0 |
|a 9780470014400
|
| 020 |
# |
0 |
|a 0470014407
|
| 090 |
0 |
0 |
|a TP 159 .M4
|b L5 2007
|
| 100 |
1 |
# |
|a Li, Kang
|
| 245 |
1 |
0 |
|a Ceramic membranes for separation and reaction
|c Kang Li.
|
| 260 |
# |
# |
|a Hoboken, NJ:
|b John Wiley,
|c 2007.
|
| 300 |
# |
# |
|a x, 306 p.:
|b ill.;
|c 25 cm..
|
| 504 |
0 |
0 |
|a Includes bibliographical references and index
|
| 650 |
0 |
0 |
|a Ceramic materials
|
| 650 |
0 |
0 |
|a Gases --
|x Separation
|
| 650 |
0 |
0 |
|a Membranes (Technology)
|
| 650 |
0 |
0 |
|a Gas separation membranes
|
| 999 |
|
|
|a 1100058732
|b Book
|c Open Shelf
|e KOLEKSI TERBUKA
|